[Event "Deutsche Ländermeisterschaft 2020"]
[Site "Berlin GER"]
[Date "2020.10.01"]
[Round "3"]
[White "Mundt, Alexandra"]
[Black "Bashylina, Luisa"]
[Result "1/2-1/2"]
[Termination "normal"]
[Board "4.5"]
[BlackTitle "WCM"]
[WhiteElo "1786"]
[BlackElo "2005"]
[WhiteClock "00:13:15"]
[BlackClock "00:06:57"]
[WhiteTeam "Schleswig-Holstein"]
[BlackTeam "Nordrhein-Westfalen"]
[PlyCount "97"]
[WhiteFideId "16217276"]
[BlackFideId "12983292"]
[EventCountry "GER"]
[EventRounds "7"]
[EventType "team-swiss"]
[EventDate "2020.09.29"]

1. Nf3 {[%clk 1:30:58]} Nf6 {[%clk 1:30:32]} 2. g3 {[%clk 1:31:12]} d5 {[%clk
1:30:43]} 3. d4 {[%clk 1:31:29]} e6 {[%clk 1:28:51]} 4. Bg2 {[%clk 1:31:43]}
Be7 {[%clk 1:27:59]} 5. O-O {[%clk 1:31:09]} O-O {[%clk 1:28:19]} 6. Nbd2
{[%clk 1:30:23]} b6 {[%clk 1:27:20]} 7. b3 {[%clk 1:29:58]} Bb7 {[%clk
1:27:19]} 8. Bb2 {[%clk 1:30:03]} Nbd7 {[%clk 1:24:13]} 9. e3 {[%clk 1:24:53]}
Rc8 {[%clk 1:18:37]} 10. Rc1 {[%clk 1:19:02]} c5 {[%clk 1:12:38]} 11. c4 {[%clk
1:13:43]} h6 {[%clk 1:03:22]} 12. Re1 {[%clk 0:57:13]} Re8 {[%clk 1:02:16]} 13.
Ne5 {[%clk 0:44:53]} Rc7 {[%clk 0:43:59]} 14. Ndf3 {[%clk 0:42:21]} cxd4 {[%clk
0:38:41]} 15. exd4 {[%clk 0:38:33]} Bb4 {[%clk 0:37:33]} 16. Nxd7 {[%clk
0:27:25]} Rxd7 {[%clk 0:35:38]} 17. Re2 {[%clk 0:25:55]} dxc4 {[%clk 0:32:45]}
18. Ne5 {[%clk 0:25:26]} Rc7 {[%clk 0:25:39]} 19. Bxb7 {[%clk 0:23:51]} Rxb7
{[%clk 0:25:46]} 20. Nc6 {[%clk 0:18:32]} Qd6 {[%clk 0:25:35]} 21. Nxb4 {[%clk
0:18:22]} Qxb4 {[%clk 0:26:02]} 22. Rxc4 {[%clk 0:18:47]} Qd6 {[%clk 0:26:09]}
23. Qc1 {[%clk 0:18:11]} Rd7 {[%clk 0:20:21]} 24. Ba3 {[%clk 0:09:53]} Qd5
{[%clk 0:20:23]} 25. Re5 {[%clk 0:08:08]} Qb7 {[%clk 0:20:07]} 26. Re2 {[%clk
0:08:05]} Red8 {[%clk 0:19:42]} 27. Bb2 {[%clk 0:04:54]} Nd5 {[%clk 0:16:58]}
28. Rec2 {[%clk 0:02:12]} Ne7 {[%clk 0:10:14]} 29. Rc7 {[%clk 0:02:16]} Qd5
{[%clk 0:10:24]} 30. Ba3 {[%clk 0:01:04]} Nf5 {[%clk 0:09:47]} 31. Rxd7 {[%clk
0:00:50]} Rxd7 {[%clk 0:08:49]} 32. Rc8+ {[%clk 0:00:41]} Kh7 {[%clk 0:08:55]}
33. Bb2 {[%clk 0:00:34]} Nxd4 {[%clk 0:08:22]} 34. Bxd4 {[%clk 0:01:02]} Qxd4
{[%clk 0:08:45]} 35. Qc2+ {[%clk 0:01:12]} g6 {[%clk 0:07:56]} 36. Rc7 {[%clk
0:00:55]} Qd6 37. Rxd7 {[%clk 0:00:41]} Qxd7 {[%clk 0:07:43]} 38. Qc3 {[%clk
0:00:35]} a5 {[%clk 0:05:42]} 39. Qe3 {[%clk 0:00:43]} Qd6 {[%clk 0:05:40]} 40.
Qf3 {[%clk 0:00:45]} f5 {[%clk 0:02:56]} 41. Qb7+ {[%clk 0:25:54]} Kg8 {[%clk
0:32:59]} 42. Qc8+ {[%clk 0:25:36]} Kg7 {[%clk 0:25:30]} 43. Qb7+ {[%clk
0:20:34]} Kg8 {[%clk 0:15:34]} 44. Qc8+ {[%clk 0:20:56]} Kf7 {[%clk 0:15:04]}
45. Qh8 {[%clk 0:15:59]} Qf8 {[%clk 0:14:57]} 46. Qd4 {[%clk 0:16:00]} Qb8
{[%clk 0:09:58]} 47. Qd7+ {[%clk 0:12:59]} Kf6 {[%clk 0:10:00]} 48. Qd4+ {[%clk
0:13:20]} Kf7 {[%clk 0:06:57]} 49. Qd7+ {[%clk 0:13:15]} 1/2-1/2

[Event "Deutsche Ländermeisterschaft 2020"]
[Site "Berlin GER"]
[Date "2020.10.01"]
[Round "3"]
[White "Pohle, Saskia"]
[Black "Avetyan, Manan"]
[Result "1-0"]
[Termination "normal"]
[Board "5.7"]
[WhiteElo "1749"]
[BlackElo "1356"]
[WhiteClock "00:39:54"]
[BlackClock "00:00:56"]
[WhiteTeam "Sachsen"]
[BlackTeam "Mecklenburg-Vorpommern"]
[PlyCount "59"]
[WhiteFideId "16201604"]
[BlackFideId "16244737"]
[EventCountry "GER"]
[EventRounds "7"]
[EventType "team-swiss"]
[EventDate "2020.09.29"]

1. e4 {[%clk 1:30:58]} e5 {[%clk 1:30:54]} 2. Nf3 {[%clk 1:31:23]} Nc6 {[%clk
1:31:17]} 3. d4 {[%clk 1:31:50]} exd4 {[%clk 1:31:40]} 4. Bc4 {[%clk 1:32:14]}
Bc5 {[%clk 1:32:05]} 5. c3 {[%clk 1:32:31]} Nf6 {[%clk 1:32:28]} 6. O-O {[%clk
1:32:53]} Nxe4 {[%clk 1:31:35]} 7. cxd4 {[%clk 1:33:17]} d5 {[%clk 1:24:32]} 8.
dxc5 {[%clk 1:33:38]} dxc4 {[%clk 1:24:36]} 9. Qe2 {[%clk 1:34:03]} Qe7 {[%clk
1:18:57]} 10. Qxc4 {[%clk 1:26:48]} Nxc5 {[%clk 1:11:47]} 11. b4 {[%clk
1:21:33]} Ne6 {[%clk 0:48:28]} 12. Ba3 {[%clk 1:13:39]} Qf6 {[%clk 0:43:37]}
13. Nc3 {[%clk 1:12:06]} a6 {[%clk 0:32:33]} 14. Nd5 {[%clk 1:12:01]} Qg6
{[%clk 0:17:42]} 15. Rfe1 {[%clk 1:12:04]} O-O {[%clk 0:17:11]} 16. Ne5 {[%clk
1:10:45]} Nxe5 {[%clk 0:16:18]} 17. Ne7+ {[%clk 1:11:07]} Kh8 {[%clk 0:16:22]}
18. Nxg6+ {[%clk 1:11:24]} Nxg6 {[%clk 0:16:17]} 19. Rad1 {[%clk 1:10:26]} b5
{[%clk 0:11:15]} 20. Qc3 {[%clk 1:08:04]} Nef4 {[%clk 0:09:17]} 21. Bb2 {[%clk
1:05:56]} f6 {[%clk 0:08:50]} 22. Qxc7 {[%clk 1:04:57]} Bf5 {[%clk 0:08:20]}
23. Qc5 {[%clk 1:02:55]} Nh4 {[%clk 0:07:54]} 24. Re7 {[%clk 0:56:22]} Nfxg2
{[%clk 0:05:50]} 25. Qc7 {[%clk 0:54:59]} Rae8 {[%clk 0:04:26]} 26. Rxg7 {[%clk
0:46:08]} Be4 {[%clk 0:02:15]} 27. Rf7 {[%clk 0:41:21]} Kg8 {[%clk 0:01:28]}
28. Rxf8+ {[%clk 0:40:31]} Rxf8 {[%clk 0:01:03]} 29. Rd8 {[%clk 0:39:59]} Ng6
{[%clk 0:00:56]} 30. Bxf6 {[%clk 0:39:54]} 1-0

[Event "Deutsche Ländermeisterschaft 2020"]
[Site "Berlin GER"]
[Date "2020.10.01"]
[Round "3"]
[White "Richter, Nils"]
[Black "Weishäutel, Moritz"]
[Result "1/2-1/2"]
[Termination "normal"]
[Board "6.1"]
[WhiteTitle "FM"]
[WhiteElo "2307"]
[BlackElo "2222"]
[WhiteClock "00:03:03"]
[BlackClock "00:06:17"]
[WhiteTeam "Württemberg"]
[BlackTeam "Thüringen"]
[PlyCount "75"]
[WhiteFideId "12990809"]
[BlackFideId "12967300"]
[EventCountry "GER"]
[EventRounds "7"]
[EventType "team-swiss"]
[EventDate "2020.09.29"]

1. c4 {[%clk 1:30:58]} c5 {[%clk 1:30:54]} 2. Nf3 {[%clk 1:31:12]} Nc6 {[%clk
1:31:20]} 3. e3 {[%clk 1:31:29]} Nf6 {[%clk 1:31:29]} 4. Nc3 {[%clk 1:31:51]}
g6 {[%clk 1:31:39]} 5. d4 {[%clk 1:31:55]} cxd4 {[%clk 1:32:02]} 6. exd4 {[%clk
1:32:15]} d5 {[%clk 1:32:25]} 7. cxd5 {[%clk 1:32:37]} Nxd5 {[%clk 1:32:51]} 8.
Qb3 {[%clk 1:32:23]} e6 {[%clk 1:32:43]} 9. Bb5 {[%clk 1:32:21]} Bg7 {[%clk
1:30:52]} 10. O-O {[%clk 1:32:35]} O-O {[%clk 1:30:53]} 11. Bxc6 {[%clk
1:32:37]} bxc6 {[%clk 1:31:22]} 12. Re1 {[%clk 1:32:55]} Qc7 {[%clk 1:28:26]}
13. a3 {[%clk 1:13:12]} Nxc3 {[%clk 0:45:25]} 14. Qxc3 {[%clk 1:12:22]} Bb7
{[%clk 0:45:43]} 15. Ne5 {[%clk 0:57:34]} Rfd8 {[%clk 0:41:53]} 16. Bf4 {[%clk
0:54:18]} Qb6 {[%clk 0:42:03]} 17. Rad1 {[%clk 0:52:44]} Qb5 {[%clk 0:38:20]}
18. h4 {[%clk 0:43:50]} a5 {[%clk 0:30:03]} 19. h5 {[%clk 0:36:07]} a4 {[%clk
0:26:53]} 20. h6 {[%clk 0:33:32]} Bh8 {[%clk 0:23:38]} 21. Ng4 {[%clk 0:22:49]}
Qf5 {[%clk 0:21:50]} 22. Be5 {[%clk 0:23:01]} f6 {[%clk 0:13:57]} 23. Ne3
{[%clk 0:23:05]} Qg5 {[%clk 0:14:26]} 24. Bg3 {[%clk 0:23:06]} Qxh6 {[%clk
0:14:38]} 25. Nc4 {[%clk 0:22:20]} Qh5 {[%clk 0:10:18]} 26. Nd6 {[%clk
0:20:20]} Bc8 {[%clk 0:08:40]} 27. Qxc6 {[%clk 0:18:52]} Bd7 {[%clk 0:09:09]}
28. Qc4 {[%clk 0:16:39]} Qd5 {[%clk 0:07:40]} 29. Qxd5 {[%clk 0:15:23]} exd5
{[%clk 0:08:09]} 30. Rc1 {[%clk 0:11:27]} Ra7 {[%clk 0:07:32]} 31. Rc5 {[%clk
0:08:36]} f5 {[%clk 0:04:39]} 32. Be5 {[%clk 0:07:57]} Bxe5 {[%clk 0:05:03]}
33. dxe5 {[%clk 0:06:56]} Be6 {[%clk 0:04:54]} 34. Nb5 {[%clk 0:03:02]} Ra5
{[%clk 0:05:13]} 35. Nd4 {[%clk 0:02:17]} Rxc5 {[%clk 0:05:39]} 36. Nxe6 {[%clk
0:02:45]} Rdc8 {[%clk 0:05:48]} 37. Nxc5 {[%clk 0:03:07]} Rxc5 {[%clk 0:06:17]}
38. Rd1 {[%clk 0:03:03]} 1/2-1/2

[Event "Deutsche Ländermeisterschaft 2020"]
[Site "Berlin GER"]
[Date "2020.10.01"]
[Round "3"]
[White "Wagner, Margarethe"]
[Black "Kadach, Maria"]
[Result "1-0"]
[Termination "normal"]
[Board "6.6"]
[WhiteElo "1804"]
[BlackElo "1539"]
[WhiteClock "00:04:06"]
[BlackClock "00:00:33"]
[WhiteTeam "Thüringen"]
[BlackTeam "Württemberg"]
[PlyCount "73"]
[WhiteFideId "16236947"]
[BlackFideId "16261798"]
[EventCountry "GER"]
[EventRounds "7"]
[EventType "team-swiss"]
[EventDate "2020.09.29"]

1. e4 {[%clk 1:30:58]} c6 {[%clk 1:30:57]} 2. d4 {[%clk 1:31:21]} d5 {[%clk
1:31:22]} 3. exd5 {[%clk 1:31:45]} cxd5 {[%clk 1:31:46]} 4. Bd3 {[%clk
1:32:08]} Nc6 {[%clk 1:32:04]} 5. c3 {[%clk 1:32:33]} Nf6 {[%clk 1:32:08]} 6.
Bf4 {[%clk 1:32:47]} Bg4 {[%clk 1:32:21]} 7. Qb3 {[%clk 1:32:32]} Qc8 {[%clk
1:30:15]} 8. Nd2 {[%clk 1:32:48]} e6 {[%clk 1:29:38]} 9. Ngf3 {[%clk 1:32:54]}
Be7 {[%clk 1:28:09]} 10. O-O {[%clk 1:31:40]} a6 {[%clk 1:28:08]} 11. a4 {[%clk
1:31:09]} Bh5 {[%clk 1:26:40]} 12. Ne5 {[%clk 1:27:31]} Nd7 {[%clk 1:22:39]}
13. Ndf3 {[%clk 1:20:39]} f6 {[%clk 1:19:04]} 14. Nxd7 {[%clk 1:19:23]} Qxd7
{[%clk 1:19:20]} 15. Be2 {[%clk 1:17:24]} Bg6 {[%clk 1:14:08]} 16. Rfe1 {[%clk
1:15:12]} O-O {[%clk 1:12:05]} 17. Qd1 {[%clk 1:12:56]} Rac8 {[%clk 1:08:39]}
18. Bd3 {[%clk 1:09:48]} Bxd3 {[%clk 1:07:39]} 19. Qxd3 {[%clk 1:10:10]} Rfe8
{[%clk 1:06:11]} 20. Nd2 {[%clk 0:56:53]} Na5 {[%clk 0:59:05]} 21. b3 {[%clk
0:45:34]} Red8 {[%clk 0:33:02]} 22. Rac1 {[%clk 0:42:26]} Bf8 {[%clk 0:30:45]}
23. Qh3 {[%clk 0:39:12]} Re8 {[%clk 0:26:48]} 24. Re3 {[%clk 0:35:12]} b5
{[%clk 0:22:21]} 25. axb5 {[%clk 0:32:24]} axb5 {[%clk 0:22:35]} 26. Ra1 {[%clk
0:29:29]} Ra8 {[%clk 0:19:58]} 27. Ree1 {[%clk 0:23:54]} b4 {[%clk 0:13:06]}
28. Ra4 {[%clk 0:18:58]} bxc3 {[%clk 0:11:10]} 29. Qxc3 {[%clk 0:19:19]} Nc6
{[%clk 0:09:23]} 30. Rc1 {[%clk 0:13:17]} Rxa4 {[%clk 0:05:16]} 31. bxa4 {[%clk
0:13:33]} Nb4 {[%clk 0:04:13]} 32. Qb3 {[%clk 0:11:37]} Ra8 {[%clk 0:04:30]}
33. Ra1 {[%clk 0:10:16]} Qc6 {[%clk 0:03:30]} 34. Nf3 {[%clk 0:09:19]} Qc2
{[%clk 0:00:49]} 35. Qe3 {[%clk 0:06:22]} Ra6 {[%clk 0:00:38]} 36. a5 {[%clk
0:05:26]} Qb2 {[%clk 0:00:33]} 37. Rc1 {[%clk 0:04:06]} 1-0

[Event "Deutsche Ländermeisterschaft 2020"]
[Site "Berlin GER"]
[Date "2020.10.01"]
[Round "3"]
[White "Moldovan, Tatiana"]
[Black "Göpfert, Gregor"]
[Result "0-1"]
[Termination "normal"]
[Board "6.7"]
[WhiteElo "1480"]
[BlackElo "1603"]
[WhiteClock "00:57:58"]
[BlackClock "00:28:07"]
[WhiteTeam "Württemberg"]
[BlackTeam "Thüringen"]
[PlyCount "124"]
[WhiteFideId "16287398"]
[BlackFideId "34603964"]
[EventCountry "GER"]
[EventRounds "7"]
[EventType "team-swiss"]
[EventDate "2020.09.29"]

1. e4 {[%clk 1:26:04]} e5 {[%clk 1:30:45]} 2. Nf3 {[%clk 1:25:29]} Nc6 {[%clk
1:31:07]} 3. Bb5 {[%clk 1:25:42]} a6 {[%clk 1:30:49]} 4. Ba4 {[%clk 1:26:04]}
d6 {[%clk 1:29:45]} 5. Bxc6+ {[%clk 1:26:01]} bxc6 {[%clk 1:29:55]} 6. d4
{[%clk 1:26:16]} exd4 {[%clk 1:28:49]} 7. Nxd4 {[%clk 1:26:04]} Bd7 {[%clk
1:28:40]} 8. Nc3 {[%clk 1:26:14]} g6 {[%clk 1:25:45]} 9. O-O {[%clk 1:26:23]}
Bg7 {[%clk 1:26:12]} 10. Be3 {[%clk 1:26:49]} Nf6 {[%clk 1:24:51]} 11. Nf3
{[%clk 1:25:43]} Qe7 {[%clk 1:22:20]} 12. Bg5 {[%clk 1:25:44]} h6 {[%clk
1:18:29]} 13. Bh4 {[%clk 1:25:38]} O-O {[%clk 1:00:53]} 14. e5 {[%clk 1:25:37]}
dxe5 {[%clk 0:59:50]} 15. Re1 {[%clk 1:25:35]} Be6 {[%clk 0:54:14]} 16. Nxe5
{[%clk 1:23:42]} Qc5 {[%clk 0:49:51]} 17. Nd3 {[%clk 1:23:21]} Qd4 {[%clk
0:45:44]} 18. Bg3 {[%clk 1:20:16]} Qa7 {[%clk 0:38:13]} 19. Ne5 {[%clk
1:11:54]} Bd5 {[%clk 0:37:49]} 20. Nxd5 {[%clk 1:11:58]} cxd5 {[%clk 0:38:00]}
21. Nc6 {[%clk 1:10:07]} Qc5 {[%clk 0:37:22]} 22. Ne7+ {[%clk 1:09:48]} Kh7
{[%clk 0:37:35]} 23. b4 {[%clk 1:09:39]} Qc4 {[%clk 0:30:15]} 24. Qd3 {[%clk
1:08:19]} Qxb4 {[%clk 0:23:05]} 25. Bxc7 {[%clk 1:03:21]} Qc5 {[%clk 0:23:01]}
26. Bg3 {[%clk 1:01:38]} Rfe8 {[%clk 0:22:01]} 27. Qe3 {[%clk 1:01:19]} Qxe3
{[%clk 0:22:11]} 28. Rxe3 {[%clk 1:01:18]} Ne4 {[%clk 0:22:34]} 29. Rae1 {[%clk
1:00:58]} Rxe7 {[%clk 0:22:48]} 30. Kf1 {[%clk 0:59:37]} Nxg3+ {[%clk 0:22:54]}
31. hxg3 {[%clk 0:59:40]} Rxe3 {[%clk 0:23:17]} 32. Rxe3 {[%clk 1:00:10]} Rc8
{[%clk 0:23:11]} 33. Re2 {[%clk 0:59:56]} Rc3 {[%clk 0:22:53]} 34. Rd2 {[%clk
1:00:03]} d4 {[%clk 0:23:01]} 35. Rd3 {[%clk 0:59:41]} Rxd3 {[%clk 0:23:25]}
36. cxd3 {[%clk 1:00:00]} f5 {[%clk 0:23:44]} 37. Ke2 {[%clk 0:59:58]} g5
{[%clk 0:24:10]} 38. f3 {[%clk 1:00:14]} Kg6 {[%clk 0:24:32]} 39. g4 {[%clk
0:59:13]} Kf6 {[%clk 0:24:27]} 40. g3 {[%clk 0:59:25]} Ke5 {[%clk 0:24:49]} 41.
Kd2 {[%clk 0:59:37]} fxg4 {[%clk 0:24:52]} 42. fxg4 {[%clk 0:59:35]} Kd5 {[%clk
0:25:20]} 43. Kc2 {[%clk 0:59:07]} Be5 {[%clk 0:25:16]} 44. Kd2 {[%clk
0:59:19]} Bxg3 {[%clk 0:25:37]} 45. Kd1 {[%clk 0:59:28]} Ke5 {[%clk 0:25:59]}
46. Ke2 {[%clk 0:59:56]} Kf4 {[%clk 0:26:10]} 47. Kd2 {[%clk 1:00:05]} Kxg4
{[%clk 0:26:35]} 48. Ke2 {[%clk 1:00:31]} h5 {[%clk 0:26:47]} 49. a4 {[%clk
1:00:33]} h4 {[%clk 0:27:04]} 50. Kf1 {[%clk 1:00:56]} Kf3 {[%clk 0:27:23]} 51.
a5 {[%clk 0:59:19]} Ke3 {[%clk 0:27:32]} 52. Kg2 {[%clk 0:57:48]} Kxd3 {[%clk
0:27:45]} 53. Kf1 {[%clk 0:57:42]} Kc2 {[%clk 0:27:42]} 54. Kg2 {[%clk
0:57:58]} d3 {[%clk 0:28:07]} 55. Kf1 d2 56. Kg2 d1=Q 57. Kh3 Qd7+ 58. Kg2 g4
59. Kg1 Qd1+ 60. Kg2 Qe2+ 61. Kg1 Qf2+ 62. Kh1 Qh2# 0-1

[Event "Deutsche Ländermeisterschaft 2020"]
[Site "Berlin GER"]
[Date "2020.10.01"]
[Round "3"]
[White "Chassard, Cedric"]
[Black "Milare, Tyron"]
[Result "1-0"]
[Termination "normal"]
[Board "8.2"]
[WhiteElo "1916"]
[BlackElo "2176"]
[WhiteClock "00:57:07"]
[BlackClock "00:37:00"]
[WhiteTeam "Saarland"]
[BlackTeam "Brandenburg"]
[PlyCount "67"]
[WhiteFideId "16243536"]
[BlackFideId "12987018"]
[EventCountry "GER"]
[EventRounds "7"]
[EventType "team-swiss"]
[EventDate "2020.09.29"]

1. e4 {[%clk 1:30:55]} c5 {[%clk 1:30:41]} 2. Nf3 {[%clk 1:31:21]} d6 {[%clk
1:31:05]} 3. Bb5+ {[%clk 1:31:47]} Nd7 {[%clk 1:31:25]} 4. c3 {[%clk 1:32:14]}
a6 {[%clk 1:31:34]} 5. Ba4 {[%clk 1:32:37]} b5 {[%clk 1:31:58]} 6. Bc2 {[%clk
1:32:53]} Bb7 {[%clk 1:31:17]} 7. O-O {[%clk 1:33:01]} Ngf6 {[%clk 1:31:00]} 8.
Re1 {[%clk 1:33:03]} e5 {[%clk 1:31:22]} 9. d4 {[%clk 1:33:17]} Be7 {[%clk
1:30:49]} 10. d5 {[%clk 1:33:28]} h6 {[%clk 1:31:12]} 11. Nbd2 {[%clk 1:33:24]}
g5 {[%clk 1:30:56]} 12. Nf1 {[%clk 1:29:19]} g4 {[%clk 1:30:24]} 13. Nh4 {[%clk
1:28:26]} h5 {[%clk 1:25:46]} 14. Nf5 {[%clk 1:28:27]} Nf8 {[%clk 1:24:18]} 15.
a4 {[%clk 1:27:24]} Ng6 {[%clk 1:22:37]} 16. axb5 {[%clk 1:27:17]} axb5 {[%clk
1:23:01]} 17. Rxa8 {[%clk 1:27:28]} Qxa8 {[%clk 1:23:07]} 18. Qe2 {[%clk
1:25:31]} Qa6 {[%clk 1:21:06]} 19. b3 {[%clk 1:24:20]} Bc8 {[%clk 1:12:43]} 20.
Bd3 {[%clk 1:18:20]} Bd7 {[%clk 1:10:13]} 21. Bg5 {[%clk 1:16:40]} Kf8 {[%clk
1:03:06]} 22. Nxe7 {[%clk 1:14:32]} Kxe7 {[%clk 1:01:52]} 23. Ng3 {[%clk
1:14:08]} Nf8 {[%clk 1:01:48]} 24. f4 {[%clk 1:10:03]} c4 {[%clk 0:52:35]} 25.
bxc4 {[%clk 1:05:34]} Qa7+ {[%clk 0:52:54]} 26. Kh1 {[%clk 1:05:27]} bxc4
{[%clk 0:53:17]} 27. Bxc4 {[%clk 1:04:17]} N8h7 {[%clk 0:52:22]} 28. Bh4 {[%clk
1:02:07]} exf4 {[%clk 0:38:44]} 29. Nxh5 {[%clk 0:58:22]} Qe3 {[%clk 0:37:02]}
30. Qxe3 {[%clk 0:57:44]} fxe3 {[%clk 0:37:20]} 31. Rf1 {[%clk 0:57:22]} Rc8
{[%clk 0:37:17]} 32. Be2 {[%clk 0:56:37]} Rxc3 {[%clk 0:36:55]} 33. Nxf6 {[%clk
0:56:59]} Nf8 {[%clk 0:37:00]} 34. Nh5+ {[%clk 0:57:07]} 1-0

[Event "Deutsche Ländermeisterschaft 2020"]
[Site "Berlin GER"]
[Date "2020.10.01"]
[Round "3"]
[White "Tiarks, Jann-Christian"]
[Black "Zimmer, Luca"]
[Result "0-1"]
[Termination "normal"]
[Board "8.3"]
[WhiteTitle "CM"]
[WhiteElo "2151"]
[BlackElo "1690"]
[WhiteClock "00:40:56"]
[BlackClock "00:05:12"]
[WhiteTeam "Brandenburg"]
[BlackTeam "Saarland"]
[PlyCount "111"]
[WhiteFideId "12951595"]
[BlackFideId "12921424"]
[EventCountry "GER"]
[EventRounds "7"]
[EventType "team-swiss"]
[EventDate "2020.09.29"]

1. e4 {[%clk 1:30:55]} e6 {[%clk 1:30:49]} 2. d3 {[%clk 1:31:19]} d5 {[%clk
1:30:58]} 3. Nd2 {[%clk 1:31:43]} Nf6 {[%clk 1:31:00]} 4. Ngf3 {[%clk 1:32:05]}
Bc5 {[%clk 1:24:17]} 5. e5 {[%clk 1:25:03]} Nfd7 {[%clk 1:20:53]} 6. Be2 {[%clk
1:20:43]} Bb6 {[%clk 1:19:14]} 7. c3 {[%clk 1:19:29]} c5 {[%clk 1:19:09]} 8.
Nb3 {[%clk 1:19:24]} Nc6 {[%clk 1:18:27]} 9. d4 {[%clk 1:19:44]} f6 {[%clk
1:15:33]} 10. exf6 {[%clk 1:15:48]} Qxf6 {[%clk 1:08:05]} 11. Bg5 {[%clk
1:14:58]} Qf8 {[%clk 1:07:55]} 12. O-O {[%clk 1:14:17]} c4 {[%clk 1:04:08]} 13.
Nbd2 {[%clk 1:14:10]} Nf6 {[%clk 1:04:14]} 14. b3 {[%clk 1:10:29]} cxb3 {[%clk
1:02:14]} 15. axb3 {[%clk 1:10:30]} Qf7 {[%clk 1:00:29]} 16. b4 {[%clk
1:05:28]} O-O {[%clk 0:59:46]} 17. b5 {[%clk 1:03:36]} Nd8 {[%clk 0:59:14]} 18.
Ne5 {[%clk 1:03:24]} Qe8 {[%clk 0:56:10]} 19. Bd3 {[%clk 1:01:59]} Qh5 {[%clk
0:42:07]} 20. Ndf3 {[%clk 0:59:58]} Ng4 {[%clk 0:40:29]} 21. Nxg4 {[%clk
0:57:18]} Qxg4 {[%clk 0:40:29]} 22. Be7 {[%clk 0:57:35]} Rf7 {[%clk 0:38:52]}
23. Bxh7+ {[%clk 0:57:45]} Kh8 {[%clk 0:37:58]} 24. Ne5 {[%clk 0:57:45]} Qxd1
{[%clk 0:38:04]} 25. Nxf7+ {[%clk 0:56:46]} Nxf7 {[%clk 0:38:00]} 26. Rfxd1
{[%clk 0:57:03]} Kxh7 {[%clk 0:38:20]} 27. Rd3 {[%clk 0:55:32]} Bd7 {[%clk
0:34:34]} 28. Rf3 {[%clk 0:50:13]} Kg8 {[%clk 0:33:41]} 29. Rb1 {[%clk
0:48:13]} Bd8 {[%clk 0:29:55]} 30. Bc5 {[%clk 0:48:26]} b6 {[%clk 0:28:16]} 31.
Ba3 {[%clk 0:48:37]} Bc7 {[%clk 0:27:14]} 32. Re3 {[%clk 0:46:38]} Bd6 {[%clk
0:25:26]} 33. Ra1 {[%clk 0:46:22]} Bxa3 {[%clk 0:23:52]} 34. Rxa3 {[%clk
0:46:36]} Nd6 {[%clk 0:24:12]} 35. Rb3 {[%clk 0:46:00]} Nxb5 {[%clk 0:21:47]}
36. f4 {[%clk 0:46:26]} Nd6 {[%clk 0:21:43]} 37. g4 {[%clk 0:46:26]} Nc4 {[%clk
0:19:31]} 38. Re2 {[%clk 0:46:39]} a5 {[%clk 0:18:23]} 39. f5 {[%clk 0:46:41]}
exf5 {[%clk 0:09:43]} 40. Re7 {[%clk 0:46:56]} Ba4 {[%clk 0:10:08]} 41. Rb1
{[%clk 0:47:18]} fxg4 {[%clk 0:09:57]} 42. Rbe1 {[%clk 0:47:13]} Kf8 {[%clk
0:08:53]} 43. Rb7 {[%clk 0:47:19]} Re8 {[%clk 0:07:16]} 44. Rf1+ {[%clk
0:47:31]} Kg8 {[%clk 0:07:23]} 45. Rff7 {[%clk 0:47:46]} Bc2 {[%clk 0:02:10]}
46. Rxg7+ {[%clk 0:47:42]} Kh8 {[%clk 0:02:30]} 47. Rg5 {[%clk 0:47:43]} Be4
{[%clk 0:00:38]} 48. Kf2 {[%clk 0:37:51]} Rf8+ {[%clk 0:13:08]} 49. Ke1 {[%clk
1:06:03]} Rf6 {[%clk 0:10:06]} 50. Rxg4 {[%clk 1:01:35]} a4 {[%clk 0:09:47]}
51. Rbg7 {[%clk 0:47:29]} a3 {[%clk 0:04:44]} 52. Ra7 {[%clk 0:43:01]} Na5
{[%clk 0:04:53]} 53. Ra8+ {[%clk 0:41:13]} Kh7 {[%clk 0:05:17]} 54. Ra7+ {[%clk
0:41:26]} Kh6 {[%clk 0:05:29]} 55. h3 {[%clk 0:40:44]} a2 {[%clk 0:05:12]} 56.
Rh4+ {[%clk 0:40:56]} 0-1

[Event "Deutsche Ländermeisterschaft 2020"]
[Site "Berlin GER"]
[Date "2020.10.01"]
[Round "3"]
[White "Hoppstädter, Daniel"]
[Black "Zackrisson, Peter"]
[Result "0-1"]
[Termination "normal"]
[Board "8.4"]
[WhiteElo "1712"]
[BlackElo "1947"]
[WhiteClock "00:35:37"]
[BlackClock "00:25:41"]
[WhiteTeam "Saarland"]
[BlackTeam "Brandenburg"]
[PlyCount "58"]
[WhiteFideId "16243625"]
[BlackFideId "16282078"]
[EventCountry "GER"]
[EventRounds "7"]
[EventType "team-swiss"]
[EventDate "2020.09.29"]

1. d4 {[%clk 1:30:55]} Nf6 {[%clk 1:30:51]} 2. c4 {[%clk 1:31:18]} c5 {[%clk
1:31:15]} 3. d5 {[%clk 1:31:42]} e6 {[%clk 1:31:37]} 4. Nc3 {[%clk 1:32:03]}
exd5 {[%clk 1:31:57]} 5. cxd5 {[%clk 1:32:20]} d6 {[%clk 1:32:18]} 6. e4 {[%clk
1:31:54]} g6 {[%clk 1:32:35]} 7. Nf3 {[%clk 1:31:08]} Bg4 {[%clk 1:31:45]} 8.
Bg5 {[%clk 1:27:54]} Bg7 {[%clk 1:31:33]} 9. Qa4+ {[%clk 1:27:31]} Bd7 {[%clk
1:23:03]} 10. Qb3 {[%clk 1:25:18]} Qc7 {[%clk 1:17:53]} 11. Bc4 {[%clk
1:13:12]} O-O {[%clk 1:15:16]} 12. O-O-O {[%clk 1:13:02]} Ng4 {[%clk 1:07:33]}
13. Bh4 {[%clk 1:11:54]} a6 {[%clk 1:06:46]} 14. a4 {[%clk 1:11:28]} b5 {[%clk
1:06:27]} 15. axb5 {[%clk 1:11:39]} axb5 {[%clk 1:06:48]} 16. Nxb5 {[%clk
1:11:28]} Bxb5 {[%clk 1:06:50]} 17. Bxb5 {[%clk 1:11:06]} Na6 {[%clk 1:03:58]}
18. h3 {[%clk 0:55:50]} Ne5 {[%clk 0:48:28]} 19. Nd2 {[%clk 0:50:18]} Nb4
{[%clk 0:44:32]} 20. f4 {[%clk 0:45:10]} Rfb8 {[%clk 0:35:58]} 21. fxe5 {[%clk
0:44:27]} Ra1+ {[%clk 0:35:08]} 22. Nb1 {[%clk 0:44:36]} Bh6+ {[%clk 0:35:30]}
23. Rd2 {[%clk 0:44:27]} Rxb5 {[%clk 0:35:52]} 24. exd6 {[%clk 0:40:11]} Qxd6
{[%clk 0:34:32]} 25. Qc4 {[%clk 0:39:44]} Qb6 {[%clk 0:33:03]} 26. b3 {[%clk
0:36:27]} Rba5 {[%clk 0:25:18]} 27. g4 {[%clk 0:35:14]} Rxb1+ {[%clk 0:25:27]}
28. Kxb1 {[%clk 0:35:43]} Bxd2 {[%clk 0:25:47]} 29. Rd1 {[%clk 0:35:37]} Ra1+
{[%clk 0:25:41]} 0-1